000 00803nam a2200241 a 4500
001 BRL_258
005 20190320210646.0
008 150713s1988----mx-#######---#000-0#spa-#
020 _a9688341452
041 _aspa
044 _amx
050 4 _aPQ7297
_b.F46 1988
100 1 _aFenantes Lavalle, Benito
_d1870-1953
_923382
245 1 0 _aVidas rústicas
_b(antología de cuentos y artículos de costumbres)
_cBenito Fenantes Lavalle ; selección y prólogo José Luis Martínez Morales.
260 _aMéxico
_bUniversidad Veracruzana , Instituto Veracruzano de Cultura
_c1988
300 _a118 p.
_c21 cm.
440 0 _aColección UV rescate
_v30
_923383
500 _aAu280
650 1 4 _aCuentos
_910272
700 1 _aMartínez Morales, José Luis
_eprol.
_923384
902 _aGRL
942 _2lcc
_cB
999 _c9071
_d9071